Účetnictví rozpočtových organizací

Salvato in:
Dettagli Bibliografici
Autore principale: Nováková, Štěpánka
Ente Autore: Vysoká škola ekonomická v Praze. Národohospodářská fakulta
Natura: Libro
Lingua:ceco
Pubblicazione: Praha Státní nakladatelství technické literatury 1988
Edizione:2. přeprac. vyd.
Tags: Aggiungi Tag
Nessun Tag, puoi essere il primo ad aggiungerne!!

MARC

LEADER 00000nam a2200000 4500
001 c036615
005 20221219085856.8
041 0 |a cze 
044 |a CZ 
245 1 0 |a Účetnictví rozpočtových organizací  |c Štěpánka Nováková 
250 |a 2. přeprac. vyd. 
264 1 |a Praha  |b Státní nakladatelství technické literatury  |c 1988 
300 |a 158 s. 
100 1 |a Nováková, Štěpánka 
710 2 |a Vysoká škola ekonomická v Praze. Národohospodářská fakulta